| 000 | 00418nam a2200157Ia 4500 | ||
|---|---|---|---|
| 003 | GCL | ||
| 008 | 140319s9999 xx 000 0 ara d | ||
| 040 |
_aGCL / _cGCL |
||
| 082 | 0 | 4 |
_aد _b050 |
| 100 | 1 | _aمحمود تيمور | |
| 245 | 1 | 0 |
_aاشطر من ابليس (اقرا 122) / _cمحمود تيمور |
| 300 | _a137 | ||
| 490 |
_aاقرأ _v0 |
||
| 650 | 0 | 4 | _aالمسرحيات العربية |
| 942 |
_2ddc _cBK |
||
| 999 |
_c48731 _d48731 |
||